UBT Library

Kosova, nga Rambuje në pavarësi : (Record no. 156)

000 -LEADER
fixed length control field 00792nam a22002297a 4500
008 - FIXED-LENGTH DATA ELEMENTS--GENERAL INFORMATION
fixed length control field 131028b xxu||||| |||| 00| 0 alb d
020 ## - INTERNATIONAL STANDARD BOOK NUMBER
International Standard Book Number 9789994314621
041 0# - LANGUAGE CODE
Language code of text/sound track or separate title alb
080 ## - UNIVERSAL DECIMAL CLASSIFICATION NUMBER
Universal Decimal Classification number 323.1
Common auxiliary subdivision (=18:496.51) (047)
100 1# - Rafti
-- Milo, Paskal
245 10 - TITLE STATEMENT
Title Kosova, nga Rambuje në pavarësi :
Statement of responsibility, etc Paskal Milo.
260 ## -
-- Tiranë :
-- Toena ;
-- 2009.
300 ## -
-- 275 f. ;
-- 20 cm.
500 ## -
-- Botohet me rastin e 1-vjetoit të Pavarësisë së Kosovës dhe 10-vjetorit të Konferencës së Rambujesë
500 ## -
-- Parathënie : f. [9]-11
505 ## -
-- Indeksi i emrave : f. 269-275
650 #0 -
-- Çështja e Kosovës
650 #0 -
-- Kosova
-- Marrëdhëniet me jashtë
650 #0 -
-- Marrëveshja e Rambujesë
650 #0 -
-- Intervistat
-- 1997-2008
942 ## - ADDED ENTRY ELEMENTS (KOHA)
Source of classification or shelving scheme
Item type Books
Holdings
Withdrawn status Lost status Source of classification or shelving scheme Damaged status Not for loan Collection code Permanent location Current location Shelving location Date acquired Total Checkouts Full call number Barcode Date last seen Price effective from Koha item type
          Koleksioni i përgjithshem UBT - Prishtine UBT - Prishtine Koleksioni i përgjithshem 10/28/2013   323.1 (=18:496.51)(047) MIL 001-000172 10/28/2013 10/28/2013 Books
UBT Library © 2015-2024. All rights reserved University Education for Business and Technology